|
|
|
|
| LEADER |
00000nam a2200000 a 4500 |
| 001 |
vtls008955597 |
| 003 |
SK-MaSNL |
| 005 |
20260331205138.0 |
| 008 |
070314s2007 gw g b 001 0 ger |
| 020 |
|
|
|a (brož.)
|
| 040 |
|
|
|a SNK
|b slo
|c SNK
|e AACR2
|
| 041 |
0 |
|
|a ger
|
| 043 |
|
|
|a e------
|
| 044 |
|
|
|a gw
|c DE
|
| 072 |
|
7 |
|a 01
|x Bibliografia. Katalógy
|2 konspekt
|
| 080 |
|
|
|a 017.3
|2 2001
|
| 080 |
|
|
|a 017.4:72/76
|2 2001
|
| 080 |
|
|
|a 655.425
|2 2001
|
| 080 |
|
|
|a (4)
|2 2001
|
| 080 |
|
|
|a 016
|2 2001
|
| 080 |
|
|
|a (083.8)
|2 2001
|
| 100 |
1 |
|
|a Loh, Gerhard
|4 com
|9 283093
|
| 245 |
1 |
0 |
|a Bibliographie der Antiquariats-, Auktions- und Kunstkataloge
|n Folge 16
|c bearbeitet von Gerhard Loh
|
| 260 |
|
|
|a Leipzig
|b [Gerhard Loh]
|c 2007
|
| 300 |
|
|
|a xxii, 248 s.
|c 21 cm
|
| 650 |
0 |
7 |
|a aukčné katalógy
|2 SNKPH
|9 83423
|
| 650 |
0 |
7 |
|a katalógy umenia
|2 SNKPH
|9 86662
|
| 650 |
0 |
7 |
|a antikvariáty
|2 SNKPH
|9 21270
|
| 651 |
|
7 |
|a Európa
|2 SNKPH
|9 167569
|
| 655 |
|
7 |
|a odborné bibliografie
|2 SNKPH
|9 70558
|
| 655 |
|
7 |
|a zoznamy
|2 SNKPH
|9 29645
|
| 999 |
|
|
|c 740549
|d 742479
|
| 952 |
|
|
|a SNK
|b SNK
|y VYP
|7 0
|p 17A0547412
|o snkIC 64720/16
|i snk2007/9644
|8 2
|g 23.93
|0 0
|1 0
|4 0
|d 2007-03-15
|l 0
|r 2026-02-23 22:57:50
|w 2026-02-23
|